zpět

Detail výsledku týmu

IP Submarine, Praha

Datum a čas kvízu

17.5 Celkem bodů Celkový počet nahraných bodů na tomto kvízu bez doplňovacích otázek.
5. Pořadí na kvízu Konečné umístění týmu na tomto kvízu.

Zaznamenané odpovědi

# Otázka Odpověď Body Výsledky
1. V pondělí jsme si připomněli 1... Emil Boček 1
2. Pětadvacetiletá Jenna Schardt... mozek 1
3. V pátek byla spuštěna dlouho o... Apple TV+ 1
4. Minulý týden byla oznámena dal... Fitbit 0
5. Mistrovství světa v ragby v so... Jihoafrická republika, Anglie 1
6. Jako československá nová vlna... Přelet nad kukaččím hnízdem, Amadeus 1
7. Zřejmě nejpopulárnějším snímke... dr. Ulrich 0
8. Napište jméno režiséra, jenž n... Jan Němec 0
9. Do československé nové vlny js... Herz, Jakubisko 0
10. Ve filmu Spalovač mrtvol se v... Jiří Menzel 0